[Event "Napoli Porreca Memorial 2nd"]
[Site "Napoli"]
[Date "2012.10.18"]
[Round "5"]
[White "Iodice, Vincenzo"]
[Black "Ceglio, Fulvio"]
[Result "1/2-1/2"]
[WhiteElo "1673"]
[BlackElo "1996"]
[PlyCount "98"]
[EventDate "2012.09.20"]
[EventType "swiss"]
[EventRounds "7"]
[EventCountry "ITA"]
[SourceTitle "EXT 2014"]
[Source "ChessBase"]
[SourceDate "2013.11.20"]
[SourceVersion "1"]
[SourceVersionDate "2013.11.20"]
[SourceQuality "1"]

1. e4 e6 2. d4 d5 3. Nc3 Bb4 4. e5 c5 5. Bd2 Ne7 6. Nb5 0-0 7. Bxb4 cxb4 8. Bd3 f6 9. f4 Nbc6 10. Nf3 Bd7 11. Nd6 Qb6 12. 0-0 f5 13. Be2 Nc8 14. Nxc8 Rfxc8 15. c4 bxc3 16. bxc3 Na5 17. Qd3 Nc4 18. Rab1 Qc7 19. Rfc1 a5 20. Nd2 b5 21. Nxc4 bxc4 22. Qd1 a4 23. Rb4 Rcb8 24. Rcb1 h6 25. a3 Kh7 26. R1b2 Rxb4 27. Rxb4 Qd8 28. g3 Ra7 29. Qb1 Be8 30. Rb8 Qe7 31. Qb6 Bf7 32. Qb4 Qxb4 33. Rxb4 g5 34. Bd1 Be8 35. Kf2 gxf4 36. gxf4 Kg6 37. Rb6 Bd7 38. Kg3 Kg7 39. Kh4 Kf7 40. Bh5+ Kg7 41. Rb2 Kh7 42. Bf7 Kg7 43. Bh5 Kh7 44. Rb8 Kg7 45. Bd1 Kf7 46. Kh5 Kg7 47. Rb2 Kh7 48. Rb8 Kg7 49. Rb2 Kh7 1/2-1/2

[Event "Napoli Porreca Memorial 2nd"]
[Site "Napoli"]
[Date "2012.10.10"]
[Round "4"]
[White "Cosenza, Gianni"]
[Black "Iodice, Vincenzo"]
[Result "1-0"]
[WhiteElo "1957"]
[BlackElo "1673"]
[PlyCount "47"]
[EventDate "2012.09.20"]
[EventType "swiss"]
[EventRounds "7"]
[EventCountry "ITA"]
[SourceTitle "EXT 2014"]
[Source "ChessBase"]
[SourceDate "2013.11.20"]
[SourceVersion "1"]
[SourceVersionDate "2013.11.20"]
[SourceQuality "1"]

1. e4 e5 2. Nf3 Nc6 3. Bb5 Nf6 4. d3 Bc5 5. 0-0 d6 6. Nc3 0-0 7. h3 Ne7 8. Bg5 c6 9. Bc4 Ng6 10. Nh4 Nxh4 11. Bxh4 b5 12. Bb3 a5 13. a4 b4 14. Ne2 Qe7 15. Kh1 Be6 16. Ng3 Bxb3 17. cxb3 Qe6 18. Nf5 Rfd8 19. Qc2 Rac8 20. f4 g6 21. Nh6+ Kg7 22. fxe5 Nh5 23. Rxf7+ Kh8 24. Re7 1-0

[Event "Napoli Porreca Memorial 2nd"]
[Site "Napoli"]
[Date "2012.10.04"]
[Round "3"]
[White "Oliveri, Aldo"]
[Black "Iodice, Vincenzo"]
[Result "0-1"]
[WhiteElo "1689"]
[BlackElo "1673"]
[PlyCount "48"]
[EventDate "2012.09.20"]
[EventType "swiss"]
[EventRounds "7"]
[EventCountry "ITA"]
[SourceTitle "EXT 2014"]
[Source "ChessBase"]
[SourceDate "2013.11.20"]
[SourceVersion "1"]
[SourceVersionDate "2013.11.20"]
[SourceQuality "1"]

1. d4 d5 2. Nf3 Nf6 3. g3 e6 4. Bg5 h6 5. Bf4 Bd6 6. Be5 Bxe5 7. Nxe5 0-0 8. Nd2 Nbd7 9. Ndf3 c5 10. e3 cxd4 11. exd4 Qb6 12. b3 Nxe5 13. Nxe5 Nd7 14. c3 Nxe5 15. dxe5 Bd7 16. Bd3 Qc7 17. f4 Qxc3+ 18. Kf1 Qa5 19. a4 Rac8 20. Rc1 Rxc1 21. Qxc1 Rc8 22. Qb1 Qd2 23. Bh7+ Kh8 24. Qe1 Rc1 0-1